[Event "Hamburg-ch qual"]
[Site "Hamburg"]
[Date "2003.10.18"]
[Round "1.18"]
[White "Diehl, Alexander"]
[Black "Gloe, Helmut"]
[Result "1-0"]
[WhiteElo "1898"]
[BlackElo "1410"]
[PlyCount "87"]
[EventDate "2003.10.18"]
[EventType "swiss"]
[EventRounds "7"]
[EventCountry "GER"]
[EventCategory "1"]
[SourceTitle "CBM 097 Extra"]
[Source "ChessBase"]
[SourceDate "2004.01.13"]
[SourceVersion "1"]
[SourceVersionDate "2004.01.13"]
[SourceQuality "1"]

1. d4 d5 2. c4 dxc4 3. Nf3 Nf6 4. e3 Bg4 5. Bxc4 a6 6. Qb3 b6 7. Bxf7+ Kd7 8. Ne5+ Kc8 9. Nxg4 Nbd7 10. Be6 Nxg4 11. Bxg4 Kb8 12. Qd5 e6 13. Bxe6 Bb4+ 14. Bd2 Bxd2+ 15. Nxd2 Nf6 16. Qxd8+ Rxd8 17. Nf3 Rd6 18. Bb3 Ka7 19. Rc1 Kb7 20. 0-0 Rf8 21. Rc2 Kb8 22. Rfc1 Ne8 23. Ne5 c5 24. dxc5 bxc5 25. Rxc5 Nf6 26. Nf3 Rfd8 27. h3 Ne4 28. Rc6 Ka7 29. Rxd6 Rxd6 30. Rc7+ Kb6 31. Rxg7 Nd2 32. Nxd2 Rxd2 33. Rxh7 Rxb2 34. Rh4 a5 35. Rf4 Kc5 36. h4 Rd2 37. h5 Rd8 38. h6 Kd6 39. h7 Ke5 40. Bc2 Ke6 41. Rg4 Rc8 42. Be4 Rc1+ 43. Kh2 Rh1+ 44. Kxh1 1-0